书目信息 |
| 题名: |
列宁论帝国主义
|
|
| 作者: | ;人民出版社 编辑 | |
| 分册: | ||
| 出版信息: | 北京 人民出版社 1974 |
|
| 页数: | 102页 | |
| 开本: | 20cm | |
| 丛书名: | ||
| 单 册: | ||
| 中图分类: | A264 , A21 | |
| 科图分类: | ||
| 主题词: | 列宁著作-帝国主义-理论 , 帝国主义-理论-列宁著作 , 列宁著作--选集 , 列宁著作--文集 | |
| 电子资源: | ||
| ISBN: | ||
| 000 | 00696nam0 2200253 450 | |
| 001 | 1549798573 | |
| 005 | 20150124135018.39 | |
| 091 | @a1001.920@d¥0.22 | |
| 100 | @a19960207d1974 em y0chiy0110 ea | |
| 101 | 1 | @achi@crus |
| 102 | @aCN@b110000 | |
| 105 | @ay z 000yy | |
| 200 | 1 | @a列宁论帝国主义@9lie ning lun di guo zhu yi@f人民出版社编辑 |
| 210 | @a北京@c人民出版社@d1974 | |
| 215 | @a102页@d20cm | |
| 606 | 0 | @a列宁著作-帝国主义-理论 |
| 606 | 0 | @a帝国主义-理论-列宁著作 |
| 606 | 0 | @a列宁著作@x选集 |
| 606 | 0 | @a列宁著作@x文集 |
| 690 | @aA264@v5 | |
| 690 | @aA21@v4 | |
| 711 | 02 | @a人民出版社@9ren min chu ban she@4编辑 |
| 801 | 0 | @aCN@bTSSF@c20150124 |
| 905 | @aZUCC@dA21@eJY2 | |
| 列宁论帝国主义/人民出版社编辑.-北京:人民出版社,1974 |
| 102页;20cm |
| ISBN : |
| ● |
| 相关链接 |
|
|
|
|
正题名:列宁论帝国主义
索取号:A21/JY2
 
预约/预借
| 序号 | 登录号 | 条形码 | 馆藏地/架位号 | 状态 | 备注 |
| 1 | 7843558 | 278435588 | 学院路分馆/ [索取号:A21/JY2] | 在馆 | |
| 2 | 7843559 | 278435597 | 学院路分馆/ [索取号:A21/JY2] | 在馆 |